| 000 | 00762cam a22002651 4500 | ||
|---|---|---|---|
| 001 | sa 68020240 | ||
| 003 | DLC | ||
| 005 | 20260227112723.0 | ||
| 008 | 890626s1966 ce b 000 0 sino | ||
| 010 | _asa 68020240 | ||
| 035 | _a(OCoLC)19926135 | ||
| 040 |
_aDLC _cWaU _dDLC |
||
| 042 | _apremarc | ||
| 043 | _aa-pk--- | ||
| 050 | 0 | 0 |
_aBQ400.P35 _bP475 |
| 100 | 1 | _aMaitipe, Sirisena. | |
| 245 | 1 | 0 | _aBauddhālōkayen mā dutu Gandhāraya. |
| 260 | _c1966. | ||
| 300 |
_axxxix, 488 p. _c22 cm. |
||
| 500 | _aIn Sinhalese. | ||
| 504 | _aBibliography: p. 451-462. | ||
| 650 | 0 |
_aBuddhism _zPakistan _zPeshawar District _xHistory. |
|
| 650 | 0 |
_aBuddhist literature _zPakistan _zPeshawar District _xHistory and criticism. |
|
| 740 | 0 | _aMā dutu Gandhāraya. | |
| 999 |
_c89313 _d89313 |
||